| 000 | 01092nam a2200289 a 4500 | ||
|---|---|---|---|
| 999 |
_c3753 _d3753 |
||
| 001 | 3481958 | ||
| 003 | GZU | ||
| 005 | 20201210153406.0 | ||
| 008 | 931214r19931982mau b 001 0 eng | ||
| 010 | _a 93243596 | ||
| 020 | _a0674445449 | ||
| 040 |
_aDLC _cDLC |
||
| 050 | 0 | 0 |
_aHQ1206 _bGIL 1993 |
| 100 | 1 |
_aGilligan, Carol, _d1936- |
|
| 245 | 1 | 0 |
_aIn a different voice : _bpsychological theory and women's development / _cCarol Gilligan. |
| 260 |
_aCambridge, Mass. : _bHarvard University Press, _c1993. |
||
| 300 |
_axxvii, 184 p. ; _c21 cm. |
||
| 500 | _aOriginally published: 1982. With new introduction. | ||
| 504 | _aIncludes bibliographical references (p. [177]-180) and index. | ||
| 650 | 0 |
_aWomen _xPsychology _xLongitudinal studies. |
|
| 650 | 0 |
_aDevelopmental psychology _xLongitudinal studies. |
|
| 650 | 0 |
_aMoral development _xLongitudinal studies. |
|
| 650 | 2 |
_aWomen _xPsychology. |
|
| 906 |
_a7 _bcbc _corignew _d2 _encip _f19 _gy-gencatlg |
||
| 942 |
_2lcc _cBK _h1206 _iGIL _k1993 |
||